000 00396nam a2200133Ia 4500
008 220217s9999||||xx |||||||||||||| ||und||
020 _a978-8181-2836-10
082 _a621.381 GOS
100 _aGoser, Karl, Glosekotter, Peter and Dienstuhl, Jan
_95503
245 0 _aNano electronics and nanosystems
260 _aSpringer press
_bNew Delhi
_c2008
300 _b695
650 _aELECTRONICS
999 _c176497
_d176497